[Event "ChessOrg Schachfestival 2025"]
[Site "Bad Woerishofen Senioren-Open"]
[Date "2025.03.22"]
[Round "2.14"]
[White "Higatsberger, Michael"]
[Black "Schinnerl, Werner"]
[Result "1-0"]
[Annotator "wempe"]
[WhiteElo "2069"]
[BlackElo "1939"]
[WhiteFideId "-1"]
[WhiteFideId "-1"]
[PlyCount "107"]
[GameId "2240096948441260"]
[EventDate "2025.03.21"]

1. e4 d5 2. exd5 Qxd5 3. Nc3 Qd6 4. d4 Nf6 5. Nf3 Bg4 6. h3 Bxf3 7. Qxf3 c6 8. Be3 Nd5 9. Bc4 e6 10. Nxd5 exd5 11. Bb3 Be7 12. O-O O-O 13. Bf4 Qf6 14. Qe3 Nd7 15. Be5 Nxe5 16. dxe5 Qe6 17. Rae1 Bb4 18. c3 Ba5 19. Qd3 f6 20. exf6 Qxf6 21. Bxd5+ Kh8 22. Bf3 Rad8 23. Qe4 Bb6 24. Re2 Qg5 25. Rfe1 h6 26. Qg4 Qc5 27. Kh1 Rf7 28. Qg6 Qf8 29. Be4 Qg8 30. Bf5 Rf6 31. Qh5 Qd5 32. Re8+ Rf8 33. Rxd8 Rxd8 34. Re8+ Rxe8 35. Qxe8+ Qg8 36. Qg6 Bxf2 37. Be4 Be1 38. g3 Bd2 39. h4 Be1 40. Kg2 Bd2 41. g4 Be1 42. b3 Bd2 43. c4 Bc1 44. Kg3 Bd2 45. a4 Bb4 46. Bf5 a5 47. g5 Bd2 48. Kg4 b6 49. Qd6 Bc1 50. Qe7 Qb8 51. Kh5 Bf4 52. Be6 Bd2 53. Kg6 Bf4 54. Qxg7# 1-0

[Event "ChessOrg Schachfestival 2025"]
[Site "Bad Woerishofen Senioren-Open"]
[Date "2025.03.22"]
[Round "2.15"]
[White "Tolhuizen, Ludo"]
[Black "Mueller, Erich"]
[Result "1-0"]
[Annotator "wempe"]
[WhiteElo "1926"]
[BlackElo "2063"]
[WhiteFideId "-1"]
[WhiteFideId "-1"]
[PlyCount "59"]
[GameId "2240152429592608"]
[EventDate "2025.03.21"]

1. d4 d6 2. e4 Nf6 3. Nc3 e5 4. Nf3 Nbd7 5. Bc4 Be7 6. O-O O-O 7. Qe2 c6 8. a4 h6 9. dxe5 dxe5 10. Rd1 Qc7 11. Nd4 Re8 12. Bxf7+ Kxf7 13. Qc4+ Nd5 14. Nxd5 Nb6 15. Nxc7+ Nxc4 16. Nf3 Bg4 17. Nxa8 Rxa8 18. Rd3 Ke6 19. b3 Nd6 20. Ba3 Re8 21. Bxd6 Bxd6 22. h3 Bh5 23. Nh4 Bf8 24. g4 Bf7 25. Rad1 g6 26. Rd7 Rb8 27. Nf3 Be8 28. Rd8 Rxd8 29. Rxd8 Ke7 30. Rb8 1-0

[Event "ChessOrg Schachfestival 2025"]
[Site "Bad Woerishofen Senioren-Open"]
[Date "2025.03.22"]
[Round "2.16"]
[White "Ramseier, Juerg"]
[Black "Henrichsen, Erland"]
[Result "1/2-1/2"]
[Annotator "wempe"]
[WhiteElo "2063"]
[BlackElo "1922"]
[WhiteFideId "-1"]
[WhiteFideId "-1"]
[PlyCount "56"]
[GameId "2240152936140863"]
[EventDate "2025.03.21"]

1. Nf3 Nf6 2. c4 g6 3. Nc3 Bg7 4. g3 c5 5. Bg2 O-O 6. O-O d6 7. d4 Nbd7 8. b3 cxd4 9. Nxd4 Rb8 10. Bb2 a6 11. Qd2 Qa5 12. Rfd1 Re8 13. Nd5 Qxd2 14. Rxd2 Nc5 15. f3 Bd7 16. Nb6 Red8 17. e3 Be8 18. Rad1 Ncd7 19. Nd5 Nxd5 20. cxd5 Nb6 21. e4 Bd7 22. Bc3 Rdc8 23. Ba5 Na8 24. Kf2 Rc5 25. Bb4 Rc7 26. Bf1 Rbc8 27. Ba5 Rc5 28. Bb4 R5c7 1/2-1/2

[Event "ChessOrg Schachfestival 2025"]
[Site "Bad Woerishofen Senioren-Open"]
[Date "2025.03.22"]
[Round "2.17"]
[White "Sickenberger, Manfred"]
[Black "Zoernpfenning, Siegfried"]
[Result "1-0"]
[Annotator "wempe"]
[WhiteElo "1922"]
[BlackElo "2048"]
[WhiteFideId "-1"]
[WhiteFideId "-1"]
[PlyCount "83"]
[GameId "2240153950736457"]
[EventDate "2025.03.21"]

1. g3 c5 2. Bg2 Nf6 3. Nf3 d5 4. c4 Nc6 5. cxd5 Nxd5 6. Nc3 Nxc3 7. bxc3 e5 8. d3 Be7 9. O-O O-O 10. Rb1 Qa5 11. Qc2 h6 12. Nd2 Qc7 13. Rd1 Bg4 14. Nc4 Be6 15. Qa4 Bd7 16. Qc2 Rac8 17. Ne3 Be6 18. Nd5 Qd7 19. Nxe7+ Qxe7 20. Qa4 a6 21. Be3 Nd8 22. Rb6 Rc7 23. Rdb1 Re8 24. Bxb7 c4 25. Bxa6 cxd3 26. Bxd3 Rxc3 27. Qe4 Qc7 28. Qh7+ Kf8 29. Qh8+ Ke7 30. Qxg7 Bxa2 31. R1b5 Be6 32. Bxh6 Rc5 33. Bg5+ Kd7 34. Rb1 Bd5 35. Be3 e4 36. Bb5+ Rxb5 37. R6xb5 Qe5 38. Qxe5 Rxe5 39. Bf4 Rf5 40. e3 Be6 41. Rd1+ Ke8 42. Rb8 1-0

[Event "ChessOrg Schachfestival 2025"]
[Site "Bad Woerishofen Senioren-Open"]
[Date "2025.03.22"]
[Round "2.18"]
[White "Spanton, Tim R"]
[Black "Toenniges, Thomas"]
[Result "0-1"]
[Annotator "wempe"]
[WhiteElo "1911"]
[BlackElo "2047"]
[WhiteFideId "-1"]
[WhiteFideId "-1"]
[PlyCount "32"]
[GameId "2240154633908307"]
[EventDate "2025.03.21"]

1. e4 c5 2. Nf3 Nc6 3. Bb5 a6 4. Bxc6 bxc6 5. d3 d5 6. O-O Bg4 7. Nbd2 e6 8. Re1 Nf6 9. b3 Be7 10. Bb2 O-O 11. c4 Nd7 12. Qc2 d4 13. e5 Qc7 14. h3 Bh5 15. Qd1 Rae8 16. Qe2 f6 {Notation uneindeutig} 0-1

[Event "ChessOrg Schachfestival 2025"]
[Site "Bad Woerishofen Senioren-Open"]
[Date "2025.03.22"]
[Round "2.19"]
[White "Remensberger, Paul"]
[Black "Herold, Hansjoerg"]
[Result "1/2-1/2"]
[Annotator "wempe"]
[WhiteElo "2038"]
[BlackElo "1921"]
[WhiteFideId "-1"]
[WhiteFideId "-1"]
[PlyCount "71"]
[GameId "2240155670540382"]
[EventDate "2025.03.21"]

1. d4 d5 2. Nf3 e6 3. c4 Nf6 4. e3 dxc4 5. Bxc4 Be7 6. O-O O-O 7. Nc3 b6 8. Qe2 Bb7 9. Rd1 Qc8 10. Bd2 Ba6 11. Rac1 c5 12. dxc5 Bxc4 13. Qxc4 Qxc5 14. Nb5 Qxc4 15. Rxc4 a6 16. Nbd4 Nbd7 17. Nc6 Bc5 18. Rdc1 Rfe8 19. b4 Bf8 20. Nfe5 b5 21. R4c2 Nxe5 22. Nxe5 Nd5 23. Nc6 Nb6 24. Na5 Rac8 25. Kf1 Rxc2 26. Rxc2 Rc8 27. Rxc8 Nxc8 28. Ke2 Bd6 29. h3 Kf8 30. e4 e5 31. a3 Nb6 32. Be3 Nd7 33. Kd3 Ke7 34. g3 Ke6 35. f4 g6 36. Ke2 1/2-1/2

[Event "ChessOrg Schachfestival 2025"]
[Site "Bad Woerishofen Senioren-Open"]
[Date "2025.03.22"]
[Round "2.20"]
[White "Svanholm, Borge Waaktaar"]
[Black "Kretschel, Klaus"]
[Result "1/2-1/2"]
[Annotator "wempe"]
[WhiteElo "1910"]
[BlackElo "2036"]
[WhiteFideId "-1"]
[WhiteFideId "-1"]
[PlyCount "64"]
[GameId "2240473605111840"]
[EventDate "2025.03.21"]

1. Nf3 Nf6 2. b3 d6 3. d4 Bg4 4. e3 Nbd7 5. Be2 c6 6. O-O Qc7 7. Bb2 e5 8. dxe5 dxe5 9. c4 Be7 10. Nc3 Bh5 11. Qc2 Bg6 12. Bd3 Nc5 13. Bxg6 hxg6 14. e4 Ne6 15. Ne2 Nd7 16. Rfd1 f6 17. a3 Bc5 18. b4 Nd4 19. Nexd4 Bxd4 20. c5 O-O-O 21. Bxd4 exd4 22. Rxd4 Ne5 23. Rxd8+ Rxd8 24. Nxe5 Qxe5 25. Re1 Kc7 26. f3 g5 27. Rd1 Rxd1+ 28. Qxd1 a5 29. h3 axb4 30. axb4 b6 31. cxb6+ Kxb6 32. Qa4 Qd4+ 1/2-1/2

[Event "ChessOrg Schachfestival 2025"]
[Site "Bad Woerishofen Senioren-Open"]
[Date "2025.03.22"]
[Round "2.21"]
[White "Bruchmann, Norbert"]
[Black "Klein, Gernot"]
[Result "1-0"]
[Annotator "wempe"]
[WhiteElo "2034"]
[BlackElo "1910"]
[WhiteFideId "-1"]
[WhiteFideId "-1"]
[PlyCount "28"]
[GameId "2240475186651198"]
[EventDate "2025.03.21"]

1. e4 c5 2. Nc3 e6 3. Nge2 a6 4. g3 Nc6 5. Bg2 g6 6. d4 cxd4 7. Nxd4 Bg7 8. Nxc6 bxc6 9. Qd6 Qe7 10. Bf4 e5 11. Qxe7+ Nxe7 12. Be3 Rb8 13. O-O-O O-O 14. Bc5 Re8 {Notation nicht lesbar} 1-0

[Event "ChessOrg Schachfestival 2025"]
[Site "Bad Woerishofen Senioren-Open"]
[Date "2025.03.22"]
[Round "2.22"]
[White "Speicher, Franz"]
[Black "Remensberger, Hansuli"]
[Result "0-1"]
[Annotator "wempe"]
[WhiteElo "1907"]
[BlackElo "2034"]
[WhiteFideId "-1"]
[WhiteFideId "-1"]
[PlyCount "86"]
[GameId "2240476271411276"]
[EventDate "2025.03.21"]

1. e4 e6 2. d4 d5 3. e5 c5 4. c3 Nc6 5. Nf3 Bd7 6. Be2 f6 7. O-O fxe5 8. Nxe5 Nxe5 9. dxe5 Ne7 10. Re1 Nc6 11. Bf4 Be7 12. Qd2 O-O 13. a4 Na5 14. Bd1 Qb6 15. Na3 Rf7 16. b4 cxb4 17. Be3 bxc3 18. Qxc3 Qb4 19. Bd2 Qxc3 20. Bxc3 Nc6 21. Nb5 Bc5 22. Bf3 Nd8 23. Re2 Bc6 24. Bd4 Bxd4 25. Nxd4 Rf4 26. Rd1 Bd7 27. g3 Rf8 28. Bg4 Re8 29. f4 g6 30. Nb5 Re7 31. Rc1 a6 32. Nd6 Bc6 33. Bf3 Nf7 34. Nxf7 Kxf7 35. Kf2 Rd7 36. h4 h5 37. a5 Ke7 38. g4 hxg4 39. Bxg4 d4 40. Ke1 d3 41. Kd2 Rh8 42. h5 gxh5 43. Bh3 Rg8 0-1

[Event "ChessOrg Schachfestival 2025"]
[Site "Bad Woerishofen Senioren-Open"]
[Date "2025.03.22"]
[Round "2.23"]
[White "Bertz, Uwe"]
[Black "Weinwurm, Wolfgang"]
[Result "1/2-1/2"]
[Annotator "wempe"]
[WhiteElo "1902"]
[BlackElo "2032"]
[WhiteFideId "-1"]
[WhiteFideId "-1"]
[PlyCount "58"]
[GameId "2241552362627175"]
[EventDate "2025.03.21"]

1. Nf3 Nf6 2. d4 g6 3. c4 Bg7 4. Nc3 d5 5. cxd5 Nxd5 6. e4 Nxc3 7. bxc3 c5 8. Be3 Qa5 9. Qd2 Nc6 10. Rd1 Bg4 11. Be2 Rd8 12. e5 Bxf3 13. Bxf3 Bxe5 14. Bxc6+ bxc6 15. O-O Bf6 16. Qe2 O-O 17. dxc5 Bxc3 18. Bg5 Rfe8 19. Rxd8 Qxd8 20. Qa6 Qc7 21. h3 Rd8 22. Qe2 Rd7 23. Qc4 Bg7 24. Qe4 a5 25. Qc2 Rd5 26. Be3 f5 27. Rd1 Qd7 28. Rxd5 cxd5 29. c6 Qc7 1/2-1/2

[Event "ChessOrg Schachfestival 2025"]
[Site "Bad Woerishofen Senioren-Open"]
[Date "2025.03.22"]
[Round "2.24"]
[White "Keller, Harald"]
[Black "Zwetz, Anita"]
[Result "1/2-1/2"]
[Annotator "wempe"]
[WhiteElo "2021"]
[BlackElo "1910"]
[WhiteFideId "-1"]
[WhiteFideId "-1"]
[PlyCount "65"]
[GameId "2241553365885055"]
[EventDate "2025.03.21"]

1. e4 e6 2. d3 d5 3. Nd2 c5 4. g3 Nc6 5. Bg2 h5 6. Ngf3 Be7 7. h4 Nh6 8. Qe2 Ng4 9. exd5 exd5 10. Nb3 O-O 11. O-O Re8 12. Re1 Qb6 13. Bf4 Bd7 14. Qd2 Rad8 15. c3 Bf6 16. Rxe8+ Rxe8 17. Rf1 Bf5 18. d4 c4 19. Nc5 Be7 20. Re1 Nf6 21. Ng5 Nd8 22. Re5 Be6 23. Ncxe6 fxe6 24. Re1 Bd6 25. Bxd6 Qxd6 26. Bh3 e5 27. dxe5 Rxe5 28. f4 Rxe1+ 29. Qxe1 Qc5+ 30. Qf2 Qxf2+ 31. Kxf2 Kf8 32. Ke3 Ke7 33. Kd4 1/2-1/2

[Event "ChessOrg Schachfestival 2025"]
[Site "Bad Woerishofen Senioren-Open"]
[Date "2025.03.22"]
[Round "2.25"]
[White "Waltenberger, Udo"]
[Black "Hilbenz, Guntram"]
[Result "1/2-1/2"]
[Annotator "wempe"]
[WhiteElo "2019"]
[BlackElo "1893"]
[WhiteFideId "-1"]
[WhiteFideId "-1"]
[PlyCount "97"]
[GameId "2241553989976200"]
[EventDate "2025.03.21"]

1. Nf3 d5 2. g3 Nd7 3. d4 Nb6 4. Bg2 Bf5 5. O-O e6 6. b3 Nf6 7. Bb2 Be7 8. Nbd2 h6 9. c4 c6 10. Rc1 O-O 11. Re1 Nbd7 12. Ne5 Nxe5 13. dxe5 Nd7 14. e4 dxe4 15. Nxe4 Nc5 16. Qe2 Qd3 17. Rcd1 Qxe2 18. Rxe2 Nxe4 19. Bxe4 Bxe4 20. Rxe4 Rfd8 21. Red4 Rxd4 22. Rxd4 Rd8 23. Kg2 h5 24. h3 a6 25. Kf3 Rxd4 26. Bxd4 b5 27. Ke4 Kf8 28. f4 g6 29. g4 hxg4 30. hxg4 Ke8 31. Bb6 bxc4 32. bxc4 Ba3 33. Kd3 Bc1 34. Be3 Bb2 35. Kc2 Ba3 36. Kb3 Be7 37. Ka4 Bd8 38. Kb4 Kd7 39. Bc5 Kc7 40. Bd6+ Kb7 41. Kc3 Bh4 42. Kd4 Kb6 43. Ke4 Kb7 44. f5 Bg5 45. fxe6 fxe6 46. Bc5 Kc8 47. Be3 Be7 48. Bh6 Ba3 49. Be3 1/2-1/2

[Event "ChessOrg Schachfestival 2025"]
[Site "Bad Woerishofen Senioren-Open"]
[Date "2025.03.22"]
[Round "2.26"]
[White "Lechner, Otto"]
[Black "Wegemund, Hubert"]
[Result "1/2-1/2"]
[Annotator "wempe"]
[WhiteElo "1892"]
[BlackElo "2018"]
[WhiteFideId "-1"]
[WhiteFideId "-1"]
[PlyCount "48"]
[GameId "2241555036946577"]
[EventDate "2025.03.21"]

1. Nf3 d6 2. d4 Nf6 3. e3 g6 4. Nbd2 Bg7 5. Be2 O-O 6. c3 Nbd7 7. e4 e5 8. Qc2 Nh5 9. Nb3 a5 10. Be3 a4 11. Nbd2 c6 12. g4 Nf4 13. Bxf4 exf4 14. O-O-O b5 15. h4 b4 16. cxb4 c5 17. dxc5 dxc5 18. b5 a3 19. b3 Qf6 20. Nc4 Rd8 21. g5 Qa1+ 22. Qb1 Qc3+ 23. Qc2 Qa1+ 24. Qb1 Qc3+ 1/2-1/2

[Event "ChessOrg Schachfestival 2025"]
[Site "Bad Woerishofen Senioren-Open"]
[Date "2025.03.22"]
[Round "2.27"]
[White "Matzat, Andre"]
[Black "Von Borstel, Michael"]
[Result "1-0"]
[Annotator "wempe"]
[WhiteElo "2017"]
[BlackElo "1874"]
[WhiteFideId "-1"]
[WhiteFideId "-1"]
[PlyCount "61"]
[GameId "2241899480887354"]
[EventDate "2025.03.21"]

1. d4 Nf6 2. Nf3 e6 3. Bf4 d5 4. e3 c5 5. c3 a6 6. Nbd2 Nc6 7. Bd3 cxd4 8. exd4 Be7 9. Ne5 h6 10. h4 h5 11. Qe2 Nd7 12. Ndf3 Ncxe5 13. dxe5 Nc5 14. Bc2 Bd7 15. Nd4 Na4 16. Bd3 Nc5 17. Bc2 Na4 18. Rb1 Rc8 19. Bd2 Bc5 20. Be3 Bb6 21. f4 Qc7 22. O-O Bxd4 23. Bxd4 Bb5 24. Bd3 Bxd3 25. Qxd3 Nc5 26. Qe3 Ne4 27. f5 O-O 28. f6 gxf6 29. Rxf6 Nxf6 30. Qg5+ Kh7 31. exf6 1-0

[Event "ChessOrg Schachfestival 2025"]
[Site "Bad Woerishofen Senioren-Open"]
[Date "2025.03.22"]
[Round "2.28"]
[White "Scholl, Martin"]
[Black "Christoffersen, Odd"]
[Result "1-0"]
[Annotator "wempe"]
[WhiteElo "2015"]
[BlackElo "1711"]
[WhiteFideId "-1"]
[WhiteFideId "-1"]
[PlyCount "109"]
[GameId "2241900332589145"]
[EventDate "2025.03.21"]

1. c4 e6 2. Nc3 d5 3. d4 c6 4. cxd5 exd5 5. Nf3 Nf6 6. Bg5 Be7 7. e3 Bg4 8. Be2 Bxf3 9. gxf3 Qb6 10. Qc2 Nbd7 11. Bxf6 Nxf6 12. O-O O-O 13. Kh1 Rac8 14. Na4 Qd8 15. Rac1 Qd6 16. a3 Nh5 17. Rg1 Qh6 18. Qf5 Kh8 19. Rg2 Rcd8 20. f4 g6 21. Qh3 Rfe8 22. Bxh5 Qxh5 23. Qxh5 gxh5 24. Kg1 Rg8 25. Rc2 Rxg2+ 26. Kxg2 Kg7 27. b4 a6 28. Nb2 f6 29. Nd3 Kf7 30. Rc1 Rg8+ 31. Kh1 a5 32. bxa5 Ra8 33. Rb1 Rxa5 34. Rxb7 Rxa3 35. Nc5 Ke8 36. Ne6 Rc3 37. Ng7+ Kd8 38. Nf5 Ba3 39. Rxh7 c5 40. dxc5 Bxc5 41. Rxh5 Kd7 42. Nd4 Rc1+ 43. Kg2 Kd6 44. Nb3 Rc3 45. Nxc5 Rxc5 46. h4 Rc7 47. Kf3 Rg7 48. Rh6 Ke6 49. Rh8 d4 50. e4 f5 51. Rh6+ Kd7 52. exf5 Rf7 53. Ke4 d3 54. Kxd3 Rxf5 55. Ke4 1-0

[Event "ChessOrg Schachfestival 2025"]
[Site "Bad Woerishofen Senioren-Open"]
[Date "2025.03.22"]
[Round "2.29"]
[White "Beitz, Joanne"]
[Black "Astengo, Corrado"]
[Result "0-1"]
[Annotator "wempe"]
[WhiteElo "1473"]
[BlackElo "2013"]
[WhiteFideId "-1"]
[WhiteFideId "-1"]
[PlyCount "50"]
[GameId "2241900821729379"]
[EventDate "2025.03.21"]

1. d4 d5 2. Nf3 Nf6 3. e3 Bf5 4. Nbd2 e6 5. c4 Bd6 6. Be2 h6 7. O-O Nbd7 8. Ne5 Nxe5 9. dxe5 Bxe5 10. f4 Bd6 11. b3 O-O 12. Qe1 Bb4 13. Qh4 Bc3 14. Bb2 Bxb2 15. Rad1 Bc2 16. Rde1 Bc3 17. Rf3 Bxd2 18. Ref1 Bg6 19. Rg3 Ne4 20. Rh3 Bxe3+ 21. Kh1 Nf2+ 22. Rxf2 Qxh4 23. Rxh4 Bxf2 24. Rh3 dxc4 25. bxc4 Rad8 0-1

[Event "ChessOrg Schachfestival 2025"]
[Site "Bad Woerishofen Senioren-Open"]
[Date "2025.03.22"]
[Round "2.30"]
[White "Heck, Norbert"]
[Black "Van Kesteren, Stef"]
[Result "1/2-1/2"]
[Annotator "wempe"]
[WhiteElo "2146"]
[BlackElo "1907"]
[WhiteFideId "-1"]
[WhiteFideId "-1"]
[PlyCount "37"]
[GameId "2241901433446509"]
[EventDate "2025.03.21"]

1. Nf3 d5 2. c4 e6 3. g3 Nf6 4. Bg2 Be7 5. O-O O-O 6. b3 c5 7. Bb2 Nc6 8. d3 d4 9. Na3 Rb8 10. Nc2 a5 11. a3 e5 12. e3 Qc7 13. exd4 exd4 14. Re1 Bd6 15. b4 b6 16. h3 h6 17. bxc5 bxc5 18. Rb1 Bf5 19. g4 1/2-1/2

[Event "ChessOrg Schachfestival 2025"]
[Site "Bad Woerishofen Senioren-Open"]
[Date "2025.03.22"]
[Round "2.31"]
[White "Willer, Walter"]
[Black "Krulich, Roman"]
[Result "0-1"]
[Annotator "wempe"]
[WhiteElo "1876"]
[BlackElo "2132"]
[WhiteFideId "-1"]
[WhiteFideId "-1"]
[PlyCount "120"]
[GameId "2241901874397303"]
[EventDate "2025.03.21"]

1. d4 Nf6 2. Bf4 g6 3. e3 Bg7 4. Bd3 d5 5. Nf3 O-O 6. h3 c5 7. c3 Nc6 8. Nbd2 Nd7 9. O-O e5 10. dxe5 Ndxe5 11. Nxe5 Nxe5 12. Bxe5 Bxe5 13. Nf3 Bf6 14. Qd2 Qb6 15. Rac1 Be6 16. Bb1 Rfd8 17. Rfd1 Qc6 18. Qe2 Qa4 19. a3 b6 20. Rd2 Rd7 21. Bc2 Qc6 22. Bb3 Rad8 23. Rcd1 b5 24. Bc2 a6 25. e4 dxe4 26. Bxe4 Rxd2 27. Rxd2 Rxd2 28. Nxd2 Qd6 29. Bf3 Qf4 30. Ne4 Be7 31. g3 Qe5 32. h4 Bc4 33. Qe3 f5 34. Nd2 Qxe3 35. fxe3 Be6 36. Be2 Kf7 37. Kf2 Kf6 38. a4 Bd7 39. axb5 axb5 40. c4 b4 41. Bf3 Bd6 42. Bd5 Be5 43. b3 Bc3 44. Nf3 h6 45. Ke2 Be8 46. e4 Bd7 47. Ke3 Bb2 48. Ne1 Be5 49. Kf3 Bd4 50. Nd3 g5 51. hxg5+ hxg5 52. e5+ Ke7 53. Bb7 Be8 54. g4 fxg4+ 55. Kxg4 Bg6 56. Ne1 Be3 57. Ng2 Bd2 58. Kf3 Bc2 59. Ke2 Bc1 60. Bd5 Bxb3 0-1

[Event "ChessOrg Schachfestival 2025"]
[Site "Bad Woerishofen Senioren-Open"]
[Date "2025.03.22"]
[Round "2.32"]
[White "Schatz, Christian"]
[Black "Mayr, Guenter"]
[Result "1-0"]
[Annotator "wempe"]
[WhiteElo "2126"]
[BlackElo "1888"]
[WhiteFideId "-1"]
[WhiteFideId "-1"]
[PlyCount "63"]
[GameId "2242005455462476"]
[EventDate "2025.03.21"]

1. Nf3 d5 2. d4 Nf6 3. c4 dxc4 4. Nc3 a6 5. a4 Bg4 6. e3 e6 7. h3 Bh5 8. Bxc4 Nc6 9. O-O Bd6 10. Be2 O-O 11. b3 Rc8 12. Bb2 h6 13. Rc1 Re8 14. Nd2 Bxe2 15. Qxe2 Qe7 16. Nc4 Bb4 17. Na2 Na5 18. Nxb4 Qxb4 19. Bc3 Qxb3 20. Nxa5 Qxa4 21. Ra1 Qd7 22. Nxb7 Nd5 23. Rfc1 Rb8 24. Nc5 Qd6 25. Qxa6 Rb6 26. Qc4 Reb8 27. Ba5 Rb2 28. Nd3 Nxe3 29. fxe3 Qg3 30. Nxb2 Rxb2 31. Rc2 Qxe3+ 32. Kh1 1-0

[Event "ChessOrg Schachfestival 2025"]
[Site "Bad Woerishofen Senioren-Open"]
[Date "2025.03.22"]
[Round "2.33"]
[White "Babar, Michael"]
[Black "Hoehfeld, Markus"]
[Result "1-0"]
[Annotator "wempe"]
[WhiteElo "2114"]
[BlackElo "1886"]
[WhiteFideId "-1"]
[WhiteFideId "-1"]
[PlyCount "87"]
[GameId "2242005484884075"]
[EventDate "2025.03.21"]

1. Nf3 Nf6 2. g3 d5 3. Bg2 c6 4. O-O g6 5. b3 Bg7 6. Bb2 O-O 7. c4 Nbd7 8. Qc2 b6 9. d3 Bb7 10. Nbd2 e6 11. Rfe1 Re8 12. e4 dxe4 13. Nxe4 Nxe4 14. dxe4 e5 15. Rad1 Qc7 16. Qd2 Rad8 17. Qd6 Qc8 18. Bh3 Nc5 19. Bxc8 Rxd6 20. Rxd6 Bxc8 21. b4 Na4 22. Bxe5 Bf8 23. Rd3 Bg4 24. Bf6 Bxb4 25. Red1 Be7 26. Bxe7 Rxe7 27. Re3 Nc5 28. Rd8+ Kg7 29. Nd2 Ne6 30. Rd6 c5 31. f3 Bh3 32. Kf2 h5 33. Nb3 Ng5 34. Red3 Bc8 35. Rd8 Be6 36. Nd2 Rc7 37. Ra8 Bc8 38. Rd8 Bd7 39. e5 Be6 40. Rg8+ Kh6 41. Rh8+ Nh7 42. Ne4 f5 43. Nf6 Bxc4 44. Nxh7 1-0

[Event "ChessOrg Schachfestival 2025"]
[Site "Bad Woerishofen Senioren-Open"]
[Date "2025.03.22"]
[Round "2.34"]
[White "Bogumil-Schott, Edgar"]
[Black "Rubke, Manfred"]
[Result "1/2-1/2"]
[Annotator "wempe"]
[WhiteElo "1887"]
[BlackElo "2097"]
[WhiteFideId "-1"]
[WhiteFideId "-1"]
[PlyCount "70"]
[GameId "2242250914557996"]
[EventDate "2025.03.21"]

1. d4 d5 2. Nc3 Nf6 3. Bf4 c6 4. e3 e6 5. Bd3 Bd6 6. Qf3 Qc7 7. Bxd6 Qxd6 8. O-O-O Nbd7 9. e4 dxe4 10. Nxe4 Nxe4 11. Qxe4 Nf6 12. Qh4 Bd7 13. Ne2 h6 14. h3 O-O-O 15. Qg3 Qxg3 16. Nxg3 Rhe8 17. Rhe1 Kc7 18. c3 b6 19. Ne4 Nxe4 20. Bxe4 e5 21. dxe5 Rxe5 22. f4 Re7 23. Bf3 Rde8 24. Rxe7 Rxe7 25. Rd2 Re1+ 26. Rd1 Rxd1+ 27. Kxd1 a5 28. Kd2 Be6 29. a3 Bb3 30. Be4 Kd6 31. Ke3 c5 32. g3 b5 33. Bd3 c4 34. Be4 Kc5 35. Bh7 f6 1/2-1/2

[Event "ChessOrg Schachfestival 2025"]
[Site "Bad Woerishofen Senioren-Open"]
[Date "2025.03.22"]
[Round "2.35"]
[White "Kurpiela, Franz"]
[Black "Biegel, Thomas"]
[Result "1/2-1/2"]
[Annotator "wempe"]
[WhiteElo "1803"]
[BlackElo "2062"]
[WhiteFideId "-1"]
[BlackFideId "-1"]
[PlyCount "74"]
[GameId "2320829902422293"]
[EventDate "2025.03.21"]

1. e4 c5 2. Nf3 g6 3. c3 Bg7 4. d4 cxd4 5. Nxd4 Nc6 6. Be3 Nf6 7. Bd3 O-O 8. O-O d6 9. h3 Ne5 10. f4 Nxd3 11. Qxd3 d5 12. e5 Ne4 13. Rf3 f6 14. exf6 Bxf6 15. Nd2 Nc5 16. Qc2 b6 17. Raf1 Ba6 18. Ra1 Bd3 19. Qd1 Qd6 20. N4b3 e5 21. Bxc5 bxc5 22. fxe5 Qxe5 23. Rxd3 c4 24. Nf3 Qe4 25. Nc5 cxd3 26. Nxe4 dxe4 27. Nd2 Rae8 28. Nf1 Bg5 29. Qg4 Rf5 30. Ng3 Be3+ 31. Kh1 Rf4 32. Qd7 Ref8 33. Nxe4 Rf1+ 34. Rxf1 Rxf1+ 35. Kh2 d2 36. Qd8+ Kg7 37. Qd7+ Kg8 1/2-1/2

[Event "ChessOrg Schachfestival 2025"]
[Site "Bad Woerishofen Senioren-Open"]
[Date "2025.03.22"]
[Round "2.36"]
[White "Neumann, Joachim"]
[Black "Choong, Liong-On Mark"]
[Result "1-0"]
[Annotator "wempe"]
[WhiteElo "2052"]
[BlackElo "1881"]
[WhiteFideId "-1"]
[BlackFideId "-1"]
[PlyCount "59"]
[GameId "2320832054833465"]
[EventDate "2025.03.21"]

1. e4 c5 2. Nf3 e6 3. d4 cxd4 4. Nxd4 Nc6 5. Nc3 Qc7 6. g3 a6 7. Bg2 Nf6 8. O-O Be7 9. Re1 Nxd4 10. Qxd4 d6 11. Qd3 O-O 12. Bf4 Nd7 13. Rad1 Ne5 14. Qe2 Rd8 15. Bc1 Bf6 16. Nb1 Bd7 17. b3 Rac8 18. c4 b5 19. Ba3 Be8 20. cxb5 Bxb5 21. Qe3 Qa5 22. Qd2 Qxd2 23. Rxd2 Nd3 24. Red1 Nc5 25. Rxd6 Rxd6 26. Rxd6 Nd3 27. Bf1 Rd8 28. Rxd8+ Bxd8 29. Nc3 Bb6 30. Nxb5 1-0

[Event "ChessOrg Schachfestival 2025"]
[Site "Bad Woerishofen Senioren-Open"]
[Date "2025.03.22"]
[Round "2.37"]
[White "Zuehlke, Burkhard"]
[Black "Wagner, Werner"]
[Result "1-0"]
[Annotator "wempe"]
[WhiteElo "2048"]
[BlackElo "1848"]
[WhiteFideId "-1"]
[BlackFideId "-1"]
[PlyCount "37"]
[GameId "2320833144357186"]
[EventDate "2025.03.21"]

1. d4 Nf6 2. c4 g6 3. Nc3 Bg7 4. e4 d6 5. h3 Nbd7 6. Qc2 b6 7. Nf3 O-O 8. Be2 Re8 9. e5 dxe5 10. dxe5 Nh5 11. g4 Bb7 12. Rg1 Nxe5 13. Nxe5 Bxe5 14. gxh5 Bh2 15. hxg6 f6 16. gxh7+ Kh8 17. Rg4 e5 18. Qg6 Qe7 19. Bh6 1-0

[Event "ChessOrg Schachfestival 2025"]
[Site "Bad Woerishofen Senioren-Open"]
[Date "2025.03.22"]
[Round "2.38"]
[White "Heller, Achim"]
[Black "Rothenhagen, Siegfried"]
[Result "1-0"]
[Annotator "wempe"]
[WhiteElo "2033"]
[BlackElo "1788"]
[WhiteFideId "-1"]
[BlackFideId "-1"]
[PlyCount "79"]
[GameId "2320833630200139"]
[EventDate "2025.03.21"]

1. d4 Nf6 2. Nf3 g6 3. c4 Bg7 4. e3 d6 5. Be2 O-O 6. Nc3 Re8 7. O-O Nbd7 8. Qc2 e5 9. b4 Qe7 10. a4 b6 11. a5 Bb7 12. a6 Bc8 13. Bb2 exd4 14. Nxd4 Ne5 15. h3 c5 16. Nf3 Be6 17. Nb5 Nc6 18. Rfd1 Nxb4 19. Qb3 Red8 20. Ng5 d5 21. Nxe6 fxe6 22. Bf3 Rd7 23. Bc3 Rad8 24. Bxb4 cxb4 25. Rab1 Bf8 26. Rd4 dxc4 27. Qxc4 Rxd4 28. Nxd4 Rd6 29. Bb7 Nd5 30. Nb5 Rd7 31. Nxa7 Qc5 32. Qb5 Rc7 33. Qe8 Qe7 34. Qxe7 Bxe7 35. Nb5 Rc5 36. a7 Rxb5 37. a8=Q+ Kg7 38. Bxd5 Rxd5 39. Qb7 Kf6 40. Qxb6 1-0